00283nam a2200109Ia 4500008004100000041000800041082000800049100001900057245005400076250000600130260003700136221102s9999 xx 000 0 und d aeng bBha aBharti Sushma aCritical Essays on Indian English Literature a1 bSwastik publicationc1905-07-06